Escuela de Artes y Oficios de Mataró : reglamento formado por la Comisión Especial de la Escuela y aprobado por el Excmo. Ayuntamiento en sesión de 18 de Octubre de 1888. reglamento formado por la Comisión Especial de la Escuela y aprobado por el Excmo. Ayuntamiento en sesión de 18 de Octubre de 1888.
Descripción Física:
19 p. ; 21 cm
MARC
| LEADER | 00000nam a2200000Ia 4500 | ||
|---|---|---|---|
| 001 | 20629 | ||
| 003 | BGR | ||
| 005 | 20260324180146.0 | ||
| 008 | 160829s1888 xx 000 0 cat d | ||
| 080 | |a 3393, exp. 2 | ||
| 110 | 1 | |a Escuela de Artes y Oficios (Mataró) |9 70819 | |
| 245 | |a Escuela de Artes y Oficios de Mataró : |b reglamento formado por la Comisión Especial de la Escuela y aprobado por el Excmo. Ayuntamiento en sesión de 18 de Octubre de 1888. | ||
| 260 | |a Mataró : |b Establecimiento Tipográfico de las Hijas de Abadal y Ca., |c 1888 | ||
| 300 | |a 19 p. ; |c 21 cm | ||
| 650 | |a Escuela de Artes y Oficios (Mataró) |x Reglaments i procediment |9 48103 | ||
| 901 | |a Arxiu | ||
| 942 | |n 1 |2 udc |c MON | ||
| 952 | |0 0 |1 0 |4 0 |6 3393_EXP_2 |7 1 |9 54327 |a Arxiu |b Arxiu |d 2016-12-01 |l 0 |o 3393, exp. 2 |p 20629 |r 2016-12-01 00:00:00 |w 2016-12-01 |y ARXIU | ||
| 999 | |c 58196 |d 58196 | ||